The Art Bulletin (Record no. 5995)

MARC details
000 -CABECERA
campo de control de longitud fija 00838nam a2200253 a 4500
001 - NÚMERO DE CONTROL
campo de control BRCA_6309
005 - FECHA Y HORA DE LA ÚLTIMA TRANSACCIÓN
campo de control 20190320205416.0
008 - DATOS DE LONGITUD FIJA--INFORMACIÓN GENERAL
campo de control de longitud fija 050811s1925----nyua######---#000-0#eng-#
041 ## - CÓDIGO DE LENGUA
Código de lengua del texto/banda sonora o título independiente eng
044 ## - CÓDIGO DEL PAÍS DE LA ENTIDAD EDITORA/PRODUCTORA
Código MARC del país nyu
050 #4 - SIGNATURA TOPOGRÁFICA DE LA BIBLIOTECA DEL CONGRESO
Número de clasificación N1
Número de documento/Ítem .A78 3 1925
245 10 - MENCIÓN DE TÍTULO
Título The Art Bulletin
Resto del título an Illustrated Quarterly
Mención de responsabilidad, etc. editor John Shapley.
260 ## - PUBLICACIÓN, DISTRIBUCIÓN, ETC.
Lugar de publicación, distribución, etc. Nueva York
Nombre del editor, distribuidor, etc. College Art Asociation of America
Fecha de publicación, distribución, etc. 1925
300 ## - DESCRIPCIÓN FÍSICA
Extensión 2 fascículos
Otras características físicas il.
Dimensiones 31 cm.
500 ## - NOTA GENERAL
Nota general Vol. VIII, No. 1 septiembre, 1925. Vol. VIII, No. 2 diciembre, 1925.
500 ## - NOTA GENERAL
Nota general Boletín inventariado por Banco de México como libro
500 ## - NOTA GENERAL
Nota general Ver también C95 y P145
500 ## - NOTA GENERAL
Nota general Q179
650 14 - PUNTO DE ACCESO ADICIONAL DE MATERIA--TÉRMINO DE MATERIA
Término de materia o nombre geográfico como elemento de entrada Arte
Subdivisión general Publicaciones periódicas
9 (RLIN) 15226
700 1# - PUNTO DE ACCESO ADICIONAL--NOMBRE DE PERSONA
Nombre de persona Shapley, John
Término indicativo de función/relación Editor
9 (RLIN) 15834
710 2# - PUNTO DE ACCESO ADICIONAL--NOMBRE DE ENTIDAD CORPORATIVA
Nombre de entidad corporativa o nombre de jurisdicción como elemento de entrada College Art Association of America
9 (RLIN) 15835
902 ## - CATALOGADOR
Iniciales GFM
942 ## - ELEMENTOS DE PUNTO DE ACCESO ADICIONAL (KOHA)
Fuente del sistema de clasificación o colocación Library of Congress Classification
Tipo de ítem Koha Libros
Holdings
Estado de retiro Estado de pérdida Estado dañado No para préstamo Localización permanente Ubicación/localización actual Fecha de adquisición Número de inventario Total de préstamos Signatura topográfica completa Código de barras Fecha visto por última vez Precio válido a partir de Tipo de ítem Koha
El ejemplar forma parte de la colección y puede ser consultado según las políticas vigentes.       Biblioteca del Museo Franz Mayer (Rogerio Casas-Alatriste) Biblioteca del Museo Franz Mayer (Rogerio Casas-Alatriste) 05/08/2011 Q179   N1 .A78 3 1925 (Q179) 6748 22/03/2019 22/03/2019 Libros